000 00797nas a2200253 a 4500
001 1306
003 BD-RjUL
005 20250901153606.0
008 131125c19809999bg ||||| |||| 00| u0eng d
035 _a(BD-RjUL)
040 _aBD-RjUL
_beng
_cBD-RjUL
041 _aeng
082 _a320.5
_bBIJ
245 _abiiss journal /
_cBangladesh Institute of International and Strategic Studies
260 _aDhaka :
_bBangladesh Institute of International and Strategic Studies,
_c1980-
300 _aV. ;
_c23 cm.
500 _aInternational Political Science Abstracts
650 _aPolitical Science
_vPeriodicals
_93865
710 _aBangladesh Institute of International and Strategic Studies
_94442
942 _2ddc
_cCR
999 _c1306
_d1306